000 00600nam a22002057a 4500
999 _c18458
_d18458
003 AR-CdUCM
008 190514b ||||| |||| 00| 0 spa d
040 _aMUNICIPALIDAD PROVINCIAL DEL CUSCO
_cBIBLIOTECA MUNICIPAL DEL CUSCO
082 _a869.303 /
_bM93
100 _aMujica, Filomena de
_939065
245 _aLa mujer que soño un hijo /
260 _aSantiago :
_bCultura,
_c1933.
300 _a113 paginas ;
_c19 cm.
500 _aCuentos e historia
650 _aCuentos
_9217
650 _aHistoria
_9136
650 _aLiteratura
_983
942 _2ddc
_cLIBROS
945 _apjha
_d2019-05-14